000 02090cam a22004814i 4500
003 PE-LiUPU
005 20250731173253.0
008 150625s1985 flua r 000 0 spa d
020 _a0829707077
035 _a(Sirsi) i9780829707076
040 _aPE-LiUPU
_bspa
_cPE-LiUPU
_erda
049 _aPRUA
082 0 4 _a253.702
_bM63
_221
100 1 _aMiranda, Juan Carlos,
_eautor.
245 1 0 _aManual de iglecrecimiento /
_cJuan Carlos Miranda.
264 1 _aFlorida :
_bVida,
_c1985.
300 _a190 páginas :
_bilustraciones ;
_c22 centímetros
336 _atext
_2rdacontent
337 _aunmediated
_2rdamedia
338 _avolume
_2rdacarrier
505 0 _aLas escrituras y la voluntad de Dios -- La misión de la iglesia -- El pastor, la congregación y el iglecrecimiento -- Adiestrando la iglesia local -- Los dones espirituales pueden ayudarte -- Estrategia del enangelio urbano -- El ministerio social y el eglecrecimiento -- El principio de las unidades homogeneas -- Plantando nuevas iglesias.
526 _aSEG42
526 _aSEG41
526 _aSEG40
526 _aSEG39
526 _aP94
526 _aP87
526 _aP86
526 _aP85
526 _aP77
526 _aP76
526 _aP35
650 0 4 _aCrecimiento de iglesia.
942 _2ddc
_cBOOK
949 _a253.702 M63
_wDEWEY
_c1
_i36378
_lCCODEBUL1
_mBUL
_r0
_sY
_tBOOK
_u2015-6-25
_xTEOLOGIA
_zUNKNOWN
_0COMPRA
_o.STAFF. Colección General
949 _a253.702 M63
_wDEWEY
_c2
_i36379
_d2015-9-16
_e2015-9-16
_lCCODEBUL1
_mBUL
_n1
_r0
_sY
_tBOOK
_u2015-6-25
_xTEOLOGIA
_zUNKNOWN
_0COMPRA
_o.STAFF. Colección General
994 _aC0
_bPEPRU
596 _a1
999 _a253.702 M63
_wDEWEY
_c43628
_i36378
_f2021-11-10
_g5
_lCCODEBUL1
_mBUL
_r0
_sY
_tBOOK
_u2015-6-25
_xTEOLOGIA
_zUNKNOWN
_0COMPRA
_o.STAFF. Colección General
_d43628
999 _a253.702 M63
_wDEWEY
_c2
_i36379
_d2015-9-16
_e2015-9-16
_f2021-11-10
_g5
_lCCODEBUL1
_mBUL
_n1
_p17.61
_r0
_sY
_tBOOK
_u2015-6-25
_xTEOLOGIA
_PP35
_0COMPRA
_o.STAFF. Colección Teología
980 _81
_gALBERTO SANCHEZ Responsable de Automatización